Petit essai de biblio-thérapeutique; (Record no. 22480)

MARC details
000 -LEADER
fixed length control field 00550cam a22002051 4500
001 - CONTROL NUMBER
control field f 01000791
003 - CONTROL NUMBER IDENTIFIER
control field DLC
005 - DATE AND TIME OF LATEST TRANSACTION
control field 20260227111238.0
008 - FIXED-LENGTH DATA ELEMENTS--GENERAL INFORMATION
fixed length control field 890323s1900 fr 000 0 fre
010 ## - LIBRARY OF CONGRESS CONTROL NUMBER
LC control number f 01000791
035 ## - SYSTEM CONTROL NUMBER
System control number (OCoLC)23422092
040 ## - CATALOGING SOURCE
Original cataloging agency DLC
Transcribing agency MiU
Modifying agency DLC
042 ## - AUTHENTICATION CODE
Authentication code premarc
050 00 - LIBRARY OF CONGRESS CALL NUMBER
Classification number Z701
Item number .Y97
100 2# - MAIN ENTRY--PERSONAL NAME
Personal name Yve-Plessis, Robert.
245 00 - TITLE STATEMENT
Title Petit essai de biblio-thérapeutique;
260 ## - PUBLICATION, DISTRIBUTION, ETC.
Place of publication, distribution, etc. Paris,
Name of publisher, distributor, etc. H. Daragon,
Date of publication, distribution, etc. 1900.
300 ## - PHYSICAL DESCRIPTION
Extent 2 p.l., 95 p., 2 l.
Dimensions 18 cm.
650 #0 - SUBJECT ADDED ENTRY--TOPICAL TERM
Topical term or geographic name entry element Books
General subdivision Conservation and restoration

No items available.

Powered by Koha